000 00732nam a2200253Ia 4500
003 OSt
005 20220918163804.0
006 a|||||r|||| 00| 0
007 ta
008 220917b |||||||| |||| 00| 0 eng d
020 _a0300021011
024 _a31,383
037 _cTextual
040 _aARTS
_cARTS
_beng
041 _2eng
_aeng
082 _aO111:g (S:5), L7
100 _aHanning Robert W
_915398
245 0 _aIndividual in twelfth-century romance Robert W Hanning
260 _aNew Haven
_bYale Univ Press USA
_c1977
300 _axi,303p. illus
_ccm.
650 _aENGLISH LITERATURE; ENGLISH LITERATURE
942 _hO111:g (S:5), L7
_cTEXL
_2CC
999 _c121557
_d121557